Underground engineering (Record no. 554278)
[ view plain ]
| 000 -LEADER | |
|---|---|
| fixed length control field | 00433nam a22001335i 4500 |
| 020 ## - INTERNATIONAL STANDARD BOOK NUMBER | |
| International Standard Book Number | 9780128127025 (papercover : alk. paper) |
| 082 ## - DEWEY DECIMAL CLASSIFICATION NUMBER | |
| Classification number | 624.1 |
| Author Mark | YUN |
| -- | N-2,P-99 |
| 100 1# - MAIN ENTRY--PERSONAL NAME | |
| Personal name | Yun, Bai. |
| 9 (RLIN) | 51721 |
| 245 10 - TITLE STATEMENT | |
| Title | Underground engineering |
| Statement of responsibility, etc. | Bai Yun. |
| Remainder of title | Planning, Design , Construction and operation of the underground space |
| 250 ## - EDITION STATEMENT | |
| Edition statement | 1st edition. |
| 300 ## - PHYSICAL DESCRIPTION | |
| Extent | pages cm |
| 526 ## - STUDY PROGRAM INFORMATION NOTE | |
| Program name | 0 |
| Interest level | 0 |
| Reading level | 0 |
| Title point value | 624_100000000000000_YUN |
| 942 ## - ADDED ENTRY ELEMENTS (KOHA) | |
| Source of classification or shelving scheme | |
| Koha item type | Book |
| Withdrawn status | Lost status | Source of classification or shelving scheme | Damaged status | Not for loan | Permanent Location | Current Location | Date acquired | Total Checkouts | Full call number | Barcode | Date last seen | Price effective from | Koha item type |
|---|---|---|---|---|---|---|---|---|---|---|---|---|---|
| Military College of Engineering (MCE) | Military College of Engineering (MCE) | 09/02/2019 | 624.1 YUN | MCE-51114 | 09/02/2019 | 03/14/2021 | Book |
